00614nam a2200109Ia 4500008004100000245003100041300027000072650001300342856005800355999001900413952007200432170517s9999 xx 000 0 und d aPlacebo: Cracking the Code aFeaturing members of the the Harvard Placebo Study Group, "Placebo: Cracking the Code" examines the power of belief in alleviating pain, curing disease, and the healing of injuries. The placebo effect is a pervasive, albeit misunderstood, phenomenon in medicine.... xScience. uhttp://topdocumentaryfilms.com/placebo-cracking-code/ c334341d334341 001040aCLbCLd2017-05-17l0r2017-05-17 00:00:00w2017-05-17yDF